MESTSKÁ KNIŽNICA GIRALTOVCE  - online katalóg 

Vrabce z Terezína (Record no. 23316)

000 -NÁVESTIE
fixed length control field 01256cam a2200373 4500
001 - EVIDENČNÉ ČÍSLO ZÁZNAMU - Kontrolné číslo
control field vtls011931082
005 - DÁTUM A ČAS POSLEDNEJ TRANSAKCIE
control field 20220928133736.0
008 - ÚDAJE S PEVNOU DĹŽKOU – VŠEOBECNÉ INFORMÁCIE
fixed length control field 200507s2020 xo gr 010 f slo
020 ## - MEDZINÁRODNÉ ŠTANDARDNÉ ČÍSLO KNIHY (ISBN)
Medzinárodné štandardné číslo knihy (ISBN) 9788089822430
Qualifying information (viazané)
040 ## - ZDROJ KATALOGIZÁCIE
Pôvodná katalogizujúca agentúra SKPK
Jazyk katalogizácie slo
Prepisujúca agentúra SKPK
Modifikujúca agentúra SNK
Konvencie popisu rda
041 1# - KÓD JAZYKA
Kód jazyka textu/zvukovej stopy alebo samostatných nápisov slo
Kód jazyka originálu a/alebo sprostredkujúcich prekladov textu eng
044 ## - KÓD KRAJINY VYDAVATEĽA/PRODUCENTA
Kód krajiny MARC xo
Kód krajiny ISO SK
072 #7 - KÓD PREDMETOVEJ KATEGÓRIE
Kód predmetovej kategórie 821.111(73)-3
Pododdiel kódu predmetovej kategórie Americká próza
Zdroj konspekt
080 ## - ČÍSLO MEDZINÁRODNÉHO DESATINNÉHO TRIEDENIA (MDT)
Číslo Medzinárodného desatinného triedenia (MDT) 821.111(73)-31
Identifikátor vydania 2011
080 ## - ČÍSLO MEDZINÁRODNÉHO DESATINNÉHO TRIEDENIA (MDT)
Číslo Medzinárodného desatinného triedenia (MDT) (0:82-311.6)
Identifikátor vydania 2011
100 1# - OSOBNÉ MENÁ – VŠEOBECNÉ INFORMÁCIE
Osobné meno Cambron, Kristy,
Dátumy súvisiace s menom 1979-
Kód roly aut
-- 3315
240 12 - UNIFIKOVANÝ NÁZOV
Unifikovaný názov A Sparrow in Terezin
Jazyk diela Slovensky
245 10 - NÁZOV
Názov Vrabce z Terezína
Údaj o zodpovednosti atď. Cambronová Kristy ; preklad z anglického originálu A Sparrow in Terezin: Zuzana Vengliková
250 ## - ÚDAJ O PORADÍ VYDANIA
Údaj o poradí vydania Prvé vydanie
264 #1 - VYDAVATEĽSKÉ ÚDAJE, DISTRIBÚCIA ATĎ. - RDA
Miesto publikovania, distribúcie atď. [Jezersko]
Názov vydavateľa, distibútora atď. i 527.net, s.r.o.
Dátum publikovania, distribúcie atď. 2020
300 ## - FYZICKÝ POPIS
Rozsah 317 strán
Rozmery 21 cm
336 ## - TYP OBSAHU
Typ obsahu - termín text
Typ obsahu - kód txt
Zdroj rdacontent
337 ## - TYP MÉDIA
Typ média - termín bez média
Typ média - kód n
Zdroj rdamedia
338 ## - TYP NOSIČA
Typ nosiča - termín zväzok
Typ nosiča - kód nc
Zdroj rdacarrier
500 ## - VŠEOBECNÁ POZNÁMKA
Formátovaná poznámka o obsahu Obsahuje biografické údaje o autorke
500 ## - VŠEOBECNÁ POZNÁMKA
Formátovaná poznámka o obsahu Miesto vydania podľa NA ISBN
655 #7 - INDEXAČNÝ TERMÍN – ŽÁNER/FORMA
Údaje o žánri/forme alebo termín, ktorý je prvok fazety americké romány
Zdroj termínu SNKPH
-- 2
655 #7 - INDEXAČNÝ TERMÍN – ŽÁNER/FORMA
Údaje o žánri/forme alebo termín, ktorý je prvok fazety vojnové romány
Zdroj termínu SNKPH
-- 3067
655 #7 - INDEXAČNÝ TERMÍN – ŽÁNER/FORMA
Údaje o žánri/forme alebo termín, ktorý je prvok fazety American novels
Zdroj termínu SNKPHeng
-- 1670
655 #7 - INDEXAČNÝ TERMÍN – ŽÁNER/FORMA
Údaje o žánri/forme alebo termín, ktorý je prvok fazety War novels
Zdroj termínu SNKPHeng
-- 3068
700 1# - PRIDANÝ VSTUP – OSOBNÉ MENO
Osobné meno Vengliková, Zuzana
Kód roly trl
-- 3316
958 ## - Formálny deskriptor
Formálny deskriptor LX
958 ## - Formálny deskriptor
Formálny deskriptor UP
Holdings
Stav stiahnutia (Blokovanie) (Withrawn status) Stav straty Zdroj klasifikácie pre skladovanie Stav poškodenia (Damaged status) Nie pre výpožičky (Not for loan) Spôsob nadobudnutia (Collection code) Trvalé umiestnenie Aktuálne umiestnenie Dátum nadobudnutia Náklady, bežná kúpna cena Inventárne číslo (prírastkové číslo) Celkom výpožičky Celkom prolongácie (predĺženia) Full call number Čiarový kód Dátum posledného výskytu Dátum poslednej výpôžičky Cena s účinnosťou od Typ jednotky Koha
          Kúpa Mestská knižnica Giraltovce Mestská knižnica Giraltovce 2022-09-28 9.00 21649 6 2 B10497 B10497 2025-09-29 2025-07-07 2022-09-28 Krásna literatúra pre dospelých

Powered by Koha